A GRAIN OF WHEAT (Record no. 216326)
[ view plain ]
| 000 -LEADER | |
|---|---|
| fixed length control field | 00384nam a22001457a 4500 |
| 008 - FIXED-LENGTH DATA ELEMENTS--GENERAL INFORMATION | |
| fixed length control field | 251201b |||||||| |||| 00| 0 eng d |
| 020 ## - INTERNATIONAL STANDARD BOOK NUMBER | |
| International Standard Book Number | 978-9966-46-007-3 |
| 050 ## - LIBRARY OF CONGRESS CALL NUMBER | |
| Classification number | PR 9381.9.N45 T495 |
| 100 ## - MAIN ENTRY--PERSONAL NAME | |
| Personal name | NGUGI WA THIONG'O |
| 245 ## - TITLE STATEMENT | |
| Title | A GRAIN OF WHEAT |
| 260 ## - PUBLICATION, DISTRIBUTION, ETC. | |
| Place of publication, distribution, etc. | KENYA |
| Name of publisher, distributor, etc. | EAST AFRICAN EDUCATIONAL PUBLISHERS |
| Date of publication, distribution, etc. | 2015 |
| 300 ## - PHYSICAL DESCRIPTION | |
| Extent | 232 |
| 942 ## - ADDED ENTRY ELEMENTS (KOHA) | |
| Source of classification or shelving scheme | Library of Congress Classification |
| Koha item type | Long Loan Book |
| Withdrawn status | Lost status | Source of classification or shelving scheme | Damaged status | Not for loan | Collection | Home library | Current library | Shelving location | Date acquired | Inventory number | Total checkouts | Total renewals | Full call number | Barcode | Date last seen | Date last checked out | Copy number | Price effective from | Koha item type |
|---|---|---|---|---|---|---|---|---|---|---|---|---|---|---|---|---|---|---|---|
| Library of Congress Classification | Arts & Social Sciences | Kisii University Library | Kisii University Library | On Display | 12/01/2025 | 110286 | 3 | 1 | PR 93681.9 .N45 T495 2015 | 000000021356 | 04/19/2026 | 04/07/2026 | C.33 | 12/01/2025 | Long Loan Book |